000 00580nam a2200217Ia 4500
999 _c3860
_d3860
003 0100
008 130227s9999 xx 000 0 und d
040 _cARRUPELIB
050 _aGN657.R4E45 2009
100 _aEllert, Henrik
_938105
245 4 _aThe Magic of Makashi:
_bmasks and traditions in Zambia /
260 _aLusaka
_bCBC Publishing
_c2009
300 _a144p.
300 _b 23cm.
650 _aMasks
_zZambia
_913684
650 _aMasks (sculptured)
_zZambia
_938106
650 _aMasks
_zAfrica
_938107
650 _aRites and ceremonies
_zZambia
_913685
942 _2lcc
_cMONOGRAPH